Civilisations jouables dans Rise of Kingdoms - Statistiques

Statistiques générales
  • Ce quiz a été pris 21 fois
  • Le résultat moyen est 10 sur 14
Statistiques - réponses
Civilisations jouables dans Rise of Kingdoms % Correct
Allemagne
89%
France
89%
Chine
83%
Royaume-Uni
83%
Rome
78%
Corée
72%
Egypte
72%
Espagne
72%
Grèce
72%
Japon
72%
Ottoman
72%
Viking
72%
Arabie
50%
Byzance
50%
Aucun quiz correspondant
Distribution des résultats
% des personnes avec chaque résultat
Percentile par nombre de réponses
Votre historique - résultats
Vous n’avez pas pris ce quiz